| 000 | 00613nam a2200229 a 4500 | ||
|---|---|---|---|
| 999 |
_c5421 _d5421 |
||
| 001 | 5421 | ||
| 003 | BD-JhCC | ||
| 005 | 20171218125225.0 | ||
| 008 | 171213s2016 bg |||| || | 000 0 eng d | ||
| 020 | _a9789843414991 | ||
| 035 | _a(BD-JhCC)5421 | ||
| 040 |
_aBD-JhCC _dBD-JhCC |
||
| 041 | _aeng | ||
| 082 |
_a421.5 _bRAH 2016 |
||
| 100 | _aRahman, Amin | ||
| 245 |
_aইংরেজী উচ্চারণের অভিধান / _cAmin Rahman, |
||
| 260 |
_aDhaka : _bZobeda & Amin Rahman, _c2016. |
||
| 300 |
_a252 p. : _c24 cm. |
||
| 650 | _aEnglish Language | ||
| 942 |
_2ddc _cBK |
||